000 01858nam a2200541 i 4500
001 35665
003 KOSZ 005
005 20240405063113.0
008 231016s1987 pl g 001 0 pol
015 _aPB 1987/9765
020 _a8323200459
035 _a(OCoLC)69624807
040 _aWA N
_cWA N
_dKOSZ 005/HR
_dKOSZ 005/RW
041 0 _apol
_beng
045 2 _bd1925
_bd1932
046 _k1987
080 _a94(438).081
080 _a94(44)"19"
080 _a327(438)
100 1 _aWroniak, Zdzisław
_d(1927-2021)
_eAutor
245 1 0 _aPolityka polska wobec Francji w latach 1925-1932 /
_cZdzisław Wroniak.
250 _aWydanie I.
260 _aPoznań :
_bWydawnictwo Naukowe UAM
_c1987.
300 _a223 strony ;
_c24 cm.
336 _aTekst
_btxt
_2rdacontent
337 _aBez urządzenia pośredniczącego
_bn
_2rdamedia
338 _aWolumin
_bnc
_2rdacarrier
380 _aKsiążki
380 _aPublikacje naukowe
388 1 _a1901-2000
388 1 _a1945-1989
490 1 _aHistoria / Uniwersytet im. Adama Mickiewicza w Poznaniu,
_x0554-8217 ;
_vnr 139.
504 _aBibliografia na stronach [200]-207. Indeks.
546 _aStreszczenie w języku angielskim.
648 7 _a1901-2000
648 7 _a1918-1939
650 7 _aDyplomacja
650 7 _aPolityka międzynarodowa
651 7 _aPolska
651 7 _aFrancja
655 7 _aMonografia
658 _aHistoria
658 _aPolityka, politologia, administracja publiczna
710 2 _aWydawnictwo Naukowe Uniwersytetu im. Adama Mickiewicza (Poznań)
_4pbl
830 0 _aHistoria - Uniwersytet im. Adama Mickiewicza w Poznaniu
_vnr 139
856 _uhttp://koha.tu.koszalin.pl/cgi-bin/koha/opac-detail.pl?biblionumber=35665
_yKatalog online BPK
942 _2UKD
_cKS
999 _c35665
_d35665